Normal view
MARC view
- الشركات - محاسبة - مراجعة الحسابات - الشركات الصناعية المساهمة - الاردن
Entry Topical Term
001 - CONTROL NUMBER
- control field: 64689
003 - CONTROL NUMBER IDENTIFIER
- control field: JO-AjAnu
005 - DATE AND TIME OF LATEST TRANSACTION
- control field: 20231206131831.0
008 - FIXED-LENGTH DATA ELEMENTS
- fixed length control field: 231206|| aca||babn | a|a d
040 ## - CATALOGING SOURCE
- Original cataloging agency: JO-AjAnu
150 ## - HEADING--TOPICAL TERM
- Topical term or geographic name entry element: الشركات - محاسبة - مراجعة الحسابات - الشركات الصناعية المساهمة - الاردن